| 000 | 01059nam0a22002651 4500 | ||
|---|---|---|---|
| 001 | rc\836924 | ||
| 005 | 20140220161214.0 | ||
| 035 | _a(NLR Aleph) 006018639 | ||
| 090 |
_a7404345 _c7404345 |
||
| 100 | _a20041129d1984 u |0rusy50 ca | ||
| 101 | 0 | _arus | |
| 102 | _aRU | ||
| 105 | _aa ||||||||| | ||
| 200 | 1 | _aЧисленное моделирование процессов поверхностного испарения металла лазерным излучением | |
| 210 |
_aМ. _cИПМ _d1984 |
||
| 215 |
_a31 с. _cграф. _d20 |
||
| 225 | 1 |
_aПрепринт _fИн-т прикл. математики им. М.В. Келдыша АН СССР _v№ 48 |
|
| 320 | _aБиблиогр.: с. 22-24 (36 назв.) | ||
| 700 | 1 |
_aМажукин _bВ. И. _cд-р физ.-мат. наук _gВладимир Иванович _3RU\NLR\AUTH\7735305 |
|
| 701 | 1 |
_aПестрякова _bГ. А. _gГалина Анатольевна |
|
| 801 | 0 |
_aRU _bNLR _gpsbo |
|
| 801 | 1 |
_aRU _bELAR _2rusmarc |
|
| 852 |
_aNLR _j84-4/19796 |
||
| 942 | _cBOOK | ||
| 980 | _aNB | ||